| 000 | 01253 a2200193 4500 | ||
|---|---|---|---|
| 020 | _a0070358761 | ||
| 020 | _a9780070358768 | ||
| 082 | 0 | 4 | _a628.44068 |
| 090 |
_c1771 _d1771 |
||
| 245 | 0 | 0 | _aHandbook of solid waste management. |
| 260 |
_a[S.l.] : _bMcGraw-Hill Companies, _c1994. |
||
| 300 |
_a912 p. ; _c24 cm. |
||
| 500 | _aHardcover. | ||
| 520 | _aThe First Integrated Solid Waste Plan to Use All 6 Disposal Methods. Planning, designing and managing efficient, environmentally sound solid waste programs today takes a new level of sophistication--the unique integrated approach you'll find only in the Handbook of Solid Waste Management. Frank Kreith and 22 industry experts provide complete 1-to-Z coverage of the latest technology, techniques and equipment. . .as well as the legal aspects of waste management and environmental issues from both the state and federal level. If your job involves controlling solid waste, you'll find ways to do it better, faster and cheaper right here. | ||
| 700 | 1 | _aKreith, Frank. | |
| 856 | 4 | 0 |
_3Amazon.com _uhttp://www.amazon.com/exec/obidos/ASIN/0070358761/chopaconline-20 |
| 856 | 4 | 0 |
_3Amazon customer reviews _uhttp://www.chopac.org/cgi-bin/tools/azrev.pl?q=0070358761 |
| 942 |
_aNBS _cBK _k628.44068 HAN |
||
| 999 |
_c344285 _d344285 |
||